| 000 | 00386nam a22001337a 4500 | ||
|---|---|---|---|
| 008 | 230704b xxu||||| |||| 00| 0 eng d | ||
| 020 | _a9211480981 | ||
| 082 |
_a341.762 _bUNEP |
||
| 110 | _bUnited Nations | ||
| 245 | _aRegister of International treaties and other Agreements in the Field of the Environment | ||
| 260 |
_aNairobi _bUN _cMay 1985 |
||
| 300 |
_a92p _b209p |
||
| 942 |
_2ddc _cBK |
||
| 999 |
_c3870 _d3870 |
||